02212agaaa2200301 45000010005000000030009000050050017000140070009000310080040000400400023000800410013001031000047001161300023001632450226001862500022004122600135004343000034005695080255006035110081008585200633009395380016015725460013015886500059016017000066016607000057017267000059017837000068018425947IT-RoPAU20220918181244.0d cvaizq50131s9999||||xx ||| | || ||und|| aIT-RoPAUcIT-RoPAU aITALIANO aRosi FrancescogCodice regista SPICS: 1881 aSALVATORE GIULIANO aSALVATORE GIULIANOcProdotto da: Cristaldi Franco -- Sceneggiatura: Cecchi D'Amico Suso Provenzale Enzo Rosi Francesco Solinas Franc -- Diretto da: Rosi FrancescopSALVATORE GIULIANO (Rif. Codice opera principale : H5947) aEdizione Standard a(ITALIA)bLUX FILM - VIDES CINEMAT. - GALATEA FILM / Distribuzione: IL MESSAGGEROg"1962 (1° ed.: 2005 ; Ed. Lingua Orig.: 1962)" aDVDbsonoro, col.c107 minuti a"Fotografia: Di Venanzo Gianni; Montaggio: Serandrei Mario; Musica: Piccioni Piero; Sceneggiatura: Cecchi D'Amico Suso Provenzale Enzo Rosi Francesco Solinas Franc; Scenografia: Canevari S. Egidi C.; Soggetto: Cecchi D'Amico Suso -- Solina Francesco" a"Wolff Frank; Randone Salvo; Zardi Federico; Cammarata Pietro; Cicero Nando" aLA STORIA TORBIDA DEL BANDITO SALVATORE GIULIANO NEL PRIMO DOPOGUERRA. GIA' ATTIVO COME BANDITO ENTRA A FAR PARTE DELL'ESERCITO SEPARATISTA SICILIANO. SCIOLTO QUESTO, CONTINUA LA SUA ATTIVITA' DI FUORILEGGE, RICERCATO E COMBATTUTO DAI CARABINIERI. MUORE MISTERIOSAMENTE COSI' COME I COMPAGNI DELLA SUA BANDA. RAPPORTI TRA MAFIA, BANDITISMO, POTERE POLITICO, POTERE ECONOMICO: QUESTO E' IL TEMA PRINCIPALE CHE SI SVILUPPA ATTORNO ALLA FIGURA TORBIDA DI SALVATORE GIULIANO, MARRATA SOTTO FORMA D'INCHIESTA GIORNALISTICA CON CONTINUI SALTI NEL TEMPO, UN USO ORIGINALE DEI FLASH-BACK E PERFETTE VARIAZIONI DEL TONO DELLA FOTOGRAFIA. aPAL, STEREO aITALIANO aDRAMMATICOeDVD-FILM [DVD]xCodice MATERIA SPICS: 9947 aCecchi D'Amico Suso e(soggetto)gCodice Soggetto SPICS: 7581 aPiccioni Pieroe(musica)gCodice Musica SPICS: 11072 aRosi Francesco e(regista)gCodice regista SPICS: 1881 aSolina Francesco e(soggetto)gCodice Soggetto 2° SPICS: 48428